000 00659nam a2200217Ia 4500
005 20260601193301.0
008 260601s9999||||xx |||||||||||||| ||und||
020 _a978-3-031-76714-2
_qebk
100 _aTim Muller
245 0 _aTrust Management XIV
250 _a2024
260 _aHeidelberg, Germany
_bSpringer Nature
_c2024
440 _aIFIP Advances in Information and Communication Technology
650 _aComputer Science
700 _aCarmen Fernandez-Gago
700 _aDavide Ceolin
700 _aEhud Gudes
700 _aNurit Gal-Oz
856 _uhttps://link.springer.com/openurl?genre=book&isbn=978-3-031-76714-2
942 _cEB
_2ddc
999 _c57019
_d57019